Introduction to financial management

Bibliographic Details
Main Author: Henderson, Glenn
Other Authors: Trennpohl, Garry L., Wert, James Edward
Format: Book
Published: Massachusettes Addison : Wesley Publishing Company , c1984

MARC

LEADER 00000cam a2200000 7i4500
001 0000000461
005 20050509.0
020 |a 0201105764 
040 |a INS 
090 0 0 |a HG4026.   |b H46 1984 
100 1 |a Henderson, Glenn 
245 1 0 |a Introduction to financial management   |c Glenn V. Handerson 
260 |a Massachusettes Addison :   |b Wesley Publishing Company ,   |c c1984 
300 |a xxi, 648p :   |b ill ;   |c 23cm. 
500 |a Includes index 
700 1 |a Trennpohl, Garry L. 
700 1 |a Wert, James Edward 
999 |a 0000003337   |b BOOK   |c Open Shelf   |e Default branch